000 00488nam a22001817a 4500
005 20220511111030.0
008 220511b ||||| |||| 00| 0 eng d
020 _a8176481327
040 _cAL
041 _aEnglish
082 _223
_a324.092
_bCHIK
100 _aM G Chitkara
_935931
245 _aKarma Yogi Politician
260 _aNew Delhi
_bA P H Publishig Corporation
_c1999
300 _axxiii,238 p.
_bHB
_c22.5x14.5 cm.
700 _aCHITKARA (M G)
_935932
942 _2ddc
_cGF
999 _c222875
_d222875